MARC details
| 000 -LEADER |
| campo de control de longitud fija |
02422 a2200313 4500 |
| 003 - IDENTIFICADOR DE NÚMERO DE CONTROL |
| campo de control |
BJBSDDR |
| 005 - FECHA Y HORA DE LA ÚLTIMA TRANSACCIÓN |
| campo de control |
20230824103144.0 |
| 007 - CAMPO FIJO DE DESCRIPCIÓN FÍSICA--INFORMACIÓN GENERAL |
| campo de control de longitud fija |
ta |
| 008 - DATOS DE LONGITUD FIJA--INFORMACIÓN GENERAL |
| campo de control de longitud fija |
200720s2014 enk||||| |||| 00| 0 eng d |
| 020 ## - NÚMERO INTERNACIONAL ESTÁNDAR DEL LIBRO |
| Número Internacional Estándar del Libro |
9780755365197 |
| 040 ## - FUENTE DE CATALOGACIÓN |
| Lengua de catalogación |
eng |
| Centro/agencia transcriptor |
BJBSDDR |
| 041 ## - CÓDIGO DE IDIOMA |
| Código de lengua del texto/banda sonora o título independiente |
eng |
| 050 14 - SIGNATURA TOPOGRÁFICA DE LA BIBLIOTECA DEL CONGRESO |
| Número de clasificación |
U 163 |
| Número de ítem |
H316aw 2014 |
| 100 1# - ENTRADA PRINCIPAL--NOMBRE DE PERSONA |
| Nombre de persona |
Harris, Shane |
| 245 10 - MENCIÓN DEL TÍTULO |
| Título |
@War : |
| Resto del título |
the rise of cyber warfare / |
| Mención de responsabilidad, etc. |
Shane Harris |
| 260 ## - PUBLICACIÓN, DISTRIBUCIÓN, ETC. |
| Lugar de publicación, distribución, etc. |
London : |
| Nombre del editor, distribuidor, etc. |
Headline Publishing Group, |
| Fecha de publicación, distribución, etc. |
2014 |
| 300 ## - DESCRIPCIÓN FÍSICA |
| Extensión |
xxiv, 263 p. ; |
| Dimensiones |
24 cm. |
| 505 ## - NOTA DE CONTENIDO CON FORMATO |
| Nota de contenido con formato |
The first cyber war<br/>RTRG<br/>Building the cyber army<br/>The internet is a battlefield<br/>The enemy among us<br/>The mercenaries<br/>Cops become spies<br/>"Another Manhattan Project"<br/>Buckshot Yankee<br/>The secret sauce<br/>The corporate counterstrike<br/>Spring awakening<br/>The business of defense<br/>At the dawn |
| 520 ## - RESUMEN, ETC. |
| Sumario, etc. |
The United States military now views cyberspace as the "fifth domain" of warfare, alongside land, air, sea, and space. The Pentagon, the National Security Agency, and the CIA field teams of hackers who launch cyber strikes against enemy targets--and amass staggering quantities of personal information on all of us. These same virtual warriors, along with a growing band of private-sector counterparts, are charged with defending us against the vast array of criminals, terrorists, and foreign governments who attack us with ever-increasing frequency and effectiveness. Journalist Shane Harris infiltrates the frontlines of this fifth domain, explaining how and why government agencies are joining with tech giants like Google and Microsoft to collect huge amounts of information and launch private cyber wars. The military has also formed a new alliance with tech and finance companies to patrol cyberspace, and Harris offers a penetrating and unnerving view of this partnership. Finally, he details the welter of opportunities and threats that the mushrooming "military-Internet complex" poses for our personal freedoms, our economic security, and the future of our nation.--From publisher description. |
| 610 14 - PUNTO DE ACCESO ADICIONAL DE MATERIA--NOMBRE DE ENTIDAD CORPORATIVA |
| Nombre de entidad corporativa o nombre de jurisdicción como elemento de entrada |
Estados Unidos. |
| Unidad subordinada |
Agencia de Seguridad Nacional |
| 650 #4 - PUNTO DE ACCESO ADICIONAL DE MATERIA--TÉRMINO DE MATERIA |
| 9 (RLIN) |
4976 |
| Término de materia o nombre geográfico como elemento de entrada |
Delitos por computador |
| 650 #4 - PUNTO DE ACCESO ADICIONAL DE MATERIA--TÉRMINO DE MATERIA |
| 9 (RLIN) |
7693 |
| Término de materia o nombre geográfico como elemento de entrada |
Delitos por computador |
| Subdivisión general |
Prevención |
| 650 #4 - PUNTO DE ACCESO ADICIONAL DE MATERIA--TÉRMINO DE MATERIA |
| 9 (RLIN) |
5589 |
| Término de materia o nombre geográfico como elemento de entrada |
Seguridad en computadores |
| 650 #4 - PUNTO DE ACCESO ADICIONAL DE MATERIA--TÉRMINO DE MATERIA |
| 9 (RLIN) |
7694 |
| Término de materia o nombre geográfico como elemento de entrada |
Ciberespacio |
| Subdivisión general |
Medidas de seguridad |
| 650 #4 - PUNTO DE ACCESO ADICIONAL DE MATERIA--TÉRMINO DE MATERIA |
| 9 (RLIN) |
7695 |
| Término de materia o nombre geográfico como elemento de entrada |
Ciberterrorismo |
| Subdivisión general |
Prevención |
| 650 #0 - PUNTO DE ACCESO ADICIONAL DE MATERIA--TÉRMINO DE MATERIA |
| Término de materia o nombre geográfico como elemento de entrada |
Política mundial |
| Subdivisión geográfica |
Estados Unidos |
| 9 (RLIN) |
3242 |
| 942 ## - ELEMENTOS DE ENTRADA SECUNDARIOS (KOHA) |
| Fuente del sistema de clasificación o colocación |
Clasificación de Library of Congress |
| Tipo de ítem Koha |
Libro |
| 946 ## - PROCESAMIENTO DE INFORMACIÓN LOCAL (OCLC) |
| Iniciales del agente catalogador |
dpf |